00405nam a2200157Ia 450000500170000000800410001702000150005808200130007310000160008624500460010226000370014830000170018565000110020265000180021365000160023120250123032808.0240331s9999 xx 000 0 und d a9559530704 bDESa920 aDe Silva, A 0apagoda house :brecollections ofchildhood aColombobAlfreda De Silvac1990  aVii, 94 p ., aPoetry aShort Stories aanthologies